000 00689nam a2200229 i 4500
001 C2-0303005
003 PPAK
005 20180728084103.0
008 100308s2008 my a|||| ||||| | eng d
020 _a9789834407100
040 _aPPAK
_beng
_cPPAK
_erda
082 0 4 _a915.952204
_223
090 0 0 _a915.952204
_bBIN
_dR
245 0 0 _aBintulu :
_btowards a friendly industrial city
264 1 _aBintulu, Sarawak :
_bBintulu Development Authority ,
_c2008
300 _a124 pages :
_bcolour illustrations ;
_c20 cm
336 _2rdacontent
_atext
337 _2rdamedia
_aunmediated
338 _2rdacarrier
_avolume
650 1 0 _aSarawak - Description and travel.
942 _ddc
_cB
999 _c106517
_d106517